Statistiche per Inferno e Legge del Contrappasso - Quiz n°3

Clicka qui per fare il quiz!

Statistiche generali

  • Questo quiz è stato fatto 8 volte
  • Il punteggio medio è 5 su 8

Statistiche sulle risposte

HintRisposta% Corretto
Sono trasportati e percossi da una bufera.Lussuriosi
86%
Immersi nelle acque ghiacciate del fiume Cocito con il viso rivolto verso l'alto e gli occhi congelati.Traditori degli ospiti
86%
Sono immersi nello sterco.Adulatori e lusingatori
71%
I ****** sono trasformati in alberi e tormentati dalle arpie, che si nutrono delle loro foglie.
Gli ************** sono inseguiti e sbranati da cagne nere.
Violenti contro se stessi
71%
Sono tormentati dentro lingue di fuoco; Ulisse e Diomede sono all'interno di un unico fuoco a forma di lingua biforcuta.Consiglieri di frode
57%
Condannati all'immobilità nel pozzo.Giganti, sfidanti delle divinità e superbi
57%
Gli ******** nuotano nelle acque dello Stige azzuffandosi tra loro.
Gli ********* stanno inerti sott'acqua, facendo gorgogliare la superficie del fiume.
Iracondi e accidiosi
57%
Sono sommersi nella pece bollente e uncinati dai diavoli.Barattieri
0%

Distribuzione punteggi

Percentile per numero di risposta

Percentuale di utenti per punteggio

I tuoi punteggi nel tempo

Non hai fatto questo quiz